000 00588nam a2200217Ia 4500
005 20250508164434.0
008 008 250505s9999 xx 000 0 eng d
020 _a81-7022-973-1
037 _aTextual
040 _aFEDL
_beng
_cFEDL
041 _aeng
_2eng
084 _a370.1, GUP
_qFEDL
100 _aGupta N L
245 0 _aHuman values in education
260 _aNew Delhi, India
_bConcept Publishing Company
_c2002
300 _a271p.
365 _aINR
_b120
650 _aEducation - Philosophy
942 _cTEXL
_h370.1, GUP
999 _c1389140
_d1389140